| 000 | 01178nam a2200313 i 4500 | ||
|---|---|---|---|
| 001 | bg | ||
| 003 | BPK | ||
| 005 | 20200515141030.0 | ||
| 008 | 001202s pl f |000 0 pol | ||
| 040 | _cBPK | ||
| 041 | 0 |
_apol _bger _beng |
|
| 080 | _a624.07 | ||
| 080 | _a624.04 | ||
| 080 | _a539.3/.6 | ||
| 100 | 1 |
_aGwóźdź, Marian _c(budownictwo) _eAutor |
|
| 245 | 1 | 0 |
_aZagadnienia nośności losowej prętów metalowych / _cMarian Gwóźdź. |
| 260 |
_aKraków : _bWydawnictwa PK, _c1997. |
||
| 300 |
_a107 s. : _brys., wykr. ; _c24 cm. |
||
| 490 | 1 |
_aZeszyt Naukowy / Politechnika Krakowska. Inżynieria Lądowa, _x0867-1788 ; _vz. 69 |
|
| 500 | _aW serii gł. nr 4. | ||
| 504 | _aBibliogr. s. 98-103. | ||
| 546 | _aStreszcz. pol., ang., niem. | ||
| 650 | 4 |
_aPręty _xkonstrukcje _xmechanika. |
|
| 650 | 4 |
_aStateczność _xbadanie. |
|
| 710 | 0 |
_aPolitechnika Krakowska im. Tadeusza Kościuszki _4pbl. |
|
| 830 | 0 |
_aZeszyt Naukowy - Politechnika Krakowska. _pInżynieria Lądowa ; _vz. 69 |
|
| 856 |
_uhttp://koha.tu.koszalin.pl/cgi-bin/koha/opac-detail.pl?biblionumber=33151 _yKatalog online BPK |
||
| 942 |
_cKS _2UKD |
||
| 999 |
_c33151 _d33151 |
||